[Event "Copenhagen op"]
[Site "Copenhagen"]
[Date "1991.??.??"]
[Round "8"]
[White "Hector, Jonny"]
[Black "Sandstrom, Ludvig"]
[Result "1-0"]
[WhiteElo "2465"]
[BlackElo "2225"]
[PlyCount "59"]
[EventDate "1991.06.??"]
[Source "ChessBase"]

1. e4 e5 2. Nf3 Nc6 3. c3 Nf6 4. d4 Nxe4 5. d5 Bc5 6. dxc6 Bxf2+ 7. Ke2 bxc6 8.
Qa4 f5 9. Nbd2 O-O 10. Nxe4 fxe4 11. Qxe4 Bb6 12. Kd2 d6 13. Bd3 Bf5 14. Qxc6
Qf6 15. Bxf5 Qxf5 16. Re1 Qg4 17. Re2 Rae8 18. Qe4 Rf4 19. Qd5+ Kh8 20. Ke1
Rff8 21. Qe4 Qd7 22. Ng5 g6 23. Be3 d5 24. Rd1 d4 25. cxd4 Ba5+ 26. Bd2 exd4
27. Ne6 Rf6 28. Nc5 Ref8 29. Bxa5 Qb5 30. Qxd4 1-0

[Event "Valby K41"]
[Site "Valby"]
[Date "1991.??.??"]
[Round "7"]
[White "Hector, Jonny"]
[Black "Greger, Roland"]
[Result "1-0"]
[WhiteElo "2500"]
[BlackElo "2370"]
[PlyCount "57"]
[EventDate "1991.09.??"]
[Source "ChessBase"]

1. e4 e6 2. d4 d5 3. Nc3 Bb4 4. Qd3 Nc6 5. e5 Qh4 6. Be3 f6 7. Nf3 Qe4 8. Qd2
Bxc3 9. Qxc3 Nge7 10. O-O-O Bd7 11. h4 Nf5 12. Bd3 Qg4 13. Nh2 Qxg2 14. Rdg1
Nxe3 15. Rxg2 Nxg2 16. exf6 gxf6 17. Ng4 Rf8 18. Bb5 h5 19. Bxc6 bxc6 20. Qg3
hxg4 21. Qxg4 Nxh4 22. Qh5+ Ke7 23. Qxh4 Kd6 24. Qg3+ e5 25. Rh7 c5 26. Qg7
Rad8 27. Qe7+ Kc6 28. Qxc5+ Kb7 29. Rxd7 1-0

[Event "Stavanger op"]
[Site "Stavanger"]
[Date "1991.??.??"]
[Round "8"]
[White "Hector, Jonny"]
[Black "Fries Nielsen, Jens Ove"]
[Result "1-0"]
[WhiteElo "2500"]
[BlackElo "2380"]
[PlyCount "81"]
[EventDate "1991.12.??"]
[Source "ChessBase"]

1. e4 e6 2. d4 d5 3. Nc3 Nf6 4. Bg5 Be7 5. e5 Nfd7 6. h4 Bxg5 7. hxg5 Qxg5 8.
Qd3 g6 9. Nf3 Qe7 10. Qe3 Nc6 11. O-O-O Nb6 12. Ng5 Bd7 13. Nxh7 O-O-O 14. Be2
Be8 15. a3 Kb8 16. Bb5 Na5 17. Qg5 Qxg5+ 18. Nxg5 Rxh1 19. Rxh1 Bxb5 20. Nxb5
a6 21. Nc3 Nc6 22. Nxf7 Rf8 23. Rh8 Rxh8 24. Nxh8 Nxd4 25. Nxg6 Nc4 26. Nb1 Kc8
27. Nd2 Nxd2 28. Kxd2 Kd7 29. c3 Nb3+ 30. Kc2 Nc5 31. Nf4 Ke7 32. Nd3 Nd7 33.
f4 c5 34. b4 b6 35. Ne1 Kf7 36. Nf3 Nb8 37. a4 Nc6 38. a5 bxa5 39. bxc5 a4 40.
Nd4 Na5 41. c6 1-0

[Event "Copenhagen op 14th"]
[Site "Copenhagen"]
[Date "1992.??.??"]
[Round "?"]
[White "Hector, Jonny"]
[Black "Sorensen, Torben"]
[Result "1-0"]
[WhiteElo "2535"]
[BlackElo "2295"]
[PlyCount "67"]
[EventDate "1992.??.??"]
[Source "ChessBase"]

1. e4 e5 2. Nf3 Nc6 3. Nc3 Nf6 4. d4 exd4 5. Nxd4 Bb4 6. Nxc6 bxc6 7. Bd3 d5 8.
exd5 cxd5 9. O-O O-O 10. Bg5 Be7 11. Bxf6 Bxf6 12. Nxd5 Bxb2 13. Rb1 Bf6 14.
Qh5 h6 15. Qf3 Be6 16. Nf4 Bxa2 17. Rbd1 Qe7 18. Rfe1 Qc5 19. Qe4 g6 20. Nxg6
fxg6 21. Qxg6+ Bg7 22. Qh7+ Kf7 23. Bc4+ Bxc4 24. Rd7+ Kf6 25. Qxg7+ Kf5 26.
g4+ Kf4 27. Rd4+ Qxd4 28. Qxd4+ Kg5 29. Qxc4 Rf6 30. Re5+ Kg6 31. Qe4+ Kg7 32.
Re7+ Kf8 33. Rxc7 Re8 34. Qh7 1-0

[Event "Copenhagen op 14th"]
[Site "Copenhagen"]
[Date "1992.??.??"]
[Round "?"]
[White "Olafsson, Helgi"]
[Black "Hector, Jonny"]
[Result "1-0"]
[WhiteElo "2505"]
[BlackElo "2535"]
[PlyCount "71"]
[EventDate "1992.??.??"]
[Source "ChessBase"]

1. e4 e5 2. Nf3 Nc6 3. d4 exd4 4. Nxd4 Qh4 5. Nc3 Bb4 6. Be2 Nge7 7. O-O Bxc3
8. bxc3 Nxd4 9. Qxd4 d6 10. f4 O-O 11. Rb1 Nc6 12. Qd3 Rb8 13. Rb5 Qe7 14. Rg5
f6 15. Rh5 f5 16. Bf3 Qf6 17. h3 h6 18. g4 fxg4 19. hxg4 Qg6 20. g5 hxg5 21.
Rxg5 Qh6 22. Rf2 Be6 23. Rfg2 Rf7 24. Rh2 Qf6 25. e5 Nxe5 26. Qh7+ Kf8 27. Rxe5
dxe5 28. Qh8+ Ke7 29. Ba3+ c5 30. Bxc5+ Kd7 31. Qxb8 Qxf4 32. Qxb7+ Kd8 33.
Qb8+ Kd7 34. Qd6+ Kc8 35. Qxe6+ Rd7 36. Qc6+ 1-0

[Event "Oviedo rapid45"]
[Site "Oviedo"]
[Date "1992.??.??"]
[Round "2"]
[White "Hector, Jonny"]
[Black "Martin Gonzalez, Angel"]
[Result "1-0"]
[WhiteElo "2535"]
[BlackElo "2435"]
[PlyCount "66"]
[EventDate "1992.??.??"]
[Source "ChessBase"]

1. e4 c5 2. Nc3 d6 3. Nf3 Nf6 4. d4 cxd4 5. Nxd4 g6 6. Bc4 Bg7 7. h3 O-O 8. O-O
Nc6 9. Re1 Qa5 10. Nb3 Qd8 11. Bg5 Bd7 12. Nd5 Ne5 13. Bf1 e6 14. Nc3 Qc7 15.
f4 Nc6 16. Qd2 Na5 17. Nxa5 Qxa5 18. Qxd6 Bc6 19. Qd2 Qb6+ 20. Kh1 Qxb2 21.
Rab1 Qa3 22. e5 Nd5 23. Ne4 f6 24. exf6 Nxf6 25. Rb3 Nxe4 26. Rxe4 Qxa2 27.
Rxe6 Qa1 28. Re1 Qd4 29. Rd3 Qa4 30. Rb3 Rae8 31. Rb4 Qa5 32. Be7 Rf5 33. c3
Kh8 1-0

[Event "Oviedo rapid45"]
[Site "Oviedo"]
[Date "1992.??.??"]
[Round "4"]
[White "Hector, Jonny"]
[Black "Rodriguez, Cesar"]
[Result "1-0"]
[WhiteElo "2535"]
[BlackElo "2325"]
[PlyCount "71"]
[EventDate "1992.??.??"]
[Source "ChessBase"]

1. Nc3 Nf6 2. e4 d6 3. d4 g6 4. f4 Bg7 5. e5 Nfd7 6. Nf3 O-O 7. h4 c5 8. e6
fxe6 9. h5 Nc6 10. hxg6 hxg6 11. d5 Nd4 12. dxe6 Nxe6 13. Bd3 Rf6 14. Nd5 Nef8
15. Bd2 e6 16. Nxf6+ Nxf6 17. Bc3 Bd7 18. Qe2 Bc6 19. Ng5 Qd7 20. O-O Re8 21.
a4 b6 22. Bb5 Qc7 23. Rad1 Re7 24. Bxc6 Qxc6 25. Qb5 Qc7 26. Qd3 d5 27. Be5 Qd7
28. a5 b5 29. Qc3 Ng4 30. Bxg7 Rxg7 31. Qxc5 Rh7 32. Rd3 Rh5 33. Rg3 e5 34.
fxe5 Ne6 35. Nxe6 Qxe6 36. Qf8+ 1-0

[Event "Oviedo rapid45"]
[Site "Oviedo"]
[Date "1992.??.??"]
[Round "5"]
[White "McDonald, Neil R"]
[Black "Hector, Jonny"]
[Result "1-0"]
[WhiteElo "2420"]
[BlackElo "2535"]
[PlyCount "63"]
[EventDate "1992.??.??"]
[Source "ChessBase"]

1. e4 e5 2. f4 exf4 3. Nf3 Be7 4. Bc4 Bh4+ 5. Kf1 d5 6. Bxd5 Nf6 7. Bc4 Bg4 8.
Nc3 Nc6 9. Be2 Bxf3 10. Bxf3 Qd4 11. Qe2 O-O-O 12. d3 g5 13. g3 Ne5 14. Qg2 g4
15. Bd1 Nh5 16. gxh4 Rhg8 17. Qf2 g3 18. Qxd4 g2+ 19. Kg1 Rxd4 20. Bxh5 f3 21.
Bf4 Ng4 22. Bxg4+ Rxg4 23. Bg3 Rb4 24. b3 Rb6 25. Nd5 gxh1=Q+ 26. Kxh1 Re6 27.
Ne3 Rg8 28. Rf1 b5 29. Rxf3 Rf8 30. Rf5 Ra6 31. Rxb5 Rxa2 32. Rc5 1-0

[Event "Oviedo rapid45"]
[Site "Oviedo"]
[Date "1992.??.??"]
[Round "6"]
[White "Hector, Jonny"]
[Black "Beltran Rueda, Santiago"]
[Result "1-0"]
[WhiteElo "2535"]
[BlackElo "2310"]
[PlyCount "42"]
[EventDate "1992.??.??"]
[Source "ChessBase"]

1. Nc3 d5 2. e4 e6 3. d4 dxe4 4. Nxe4 Bd7 5. Nf3 Bc6 6. Neg5 Nd7 7. Nxf7 Kxf7
8. Ng5+ Ke8 9. Bc4 Qe7 10. O-O e5 11. Re1 Qb4 12. Bf7+ Kd8 13. c4 h6 14. Ne6+
Ke7 15. Bxg8 Rxg8 16. d5 Qxc4 17. Nxc7 Rc8 18. b3 Qh4 19. dxc6 bxc6 20. Ba3+
Kd8 21. Ne6+ Ke8 1-0

[Event "Rilton Cup"]
[Site "Stockholm"]
[Date "1992.??.??"]
[Round "2"]
[White "Hector, Jonny"]
[Black "Poley, Vladimir"]
[Result "1-0"]
[WhiteElo "2535"]
[BlackElo "2360"]
[PlyCount "133"]
[EventDate "1992.??.??"]
[Source "ChessBase"]

1. Nc3 g6 2. e4 c6 3. Bc4 Bg7 4. Qf3 e6 5. h4 d5 6. Bb3 Nf6 7. d3 Nbd7 8. Bg5
h6 9. Bd2 a5 10. exd5 cxd5 11. g4 b5 12. g5 hxg5 13. hxg5 Rxh1 14. Qxh1 Nh5 15.
Nxb5 Nb6 16. Qh2 Kf8 17. Qc7 Qxc7 18. Nxc7 Rb8 19. Bxa5 Bxb2 20. Rb1 Na4 21.
Ne2 Be5 22. c3 Bd7 23. Na6 Ra8 24. Bb4+ Ke8 25. Nc5 Nf4 26. Nxd7 Kxd7 27. d4
Bc7 28. Nc1 Nb6 29. Bc5 Nc4 30. Kd1 Nh3 31. Nd3 Nxg5 32. Bb4 Ne4 33. f3 Ned6
34. Nc5+ Ke7 35. Nb7 Kd7 36. Nc5+ Ke7 37. Ke2 g5 38. Rh1 Kf6 39. Nd7+ Kg7 40.
Rh5 f6 41. Nc5 Kg6 42. Rh1 Nf5 43. Kd3 Ng3 44. Nxe6 Nxh1 45. Nxc7 Ra7 46. Nxd5
Na5 47. Ne7+ Kg7 48. Be6 Ng3 49. d5 Nh5 50. Kd4 Nf4 51. Bg4 Nb7 52. a3 Ng6 53.
Nf5+ Kg8 54. c4 Ne5 55. Ne7+ Kg7 56. Nc6 Nxc6+ 57. dxc6 Nd8 58. Kc5 Kg6 59. Bd7
f5 60. Kb6 Nxc6 61. Bxc6 Rg7 62. a4 g4 63. fxg4 fxg4 64. a5 g3 65. a6 Kf5 66.
a7 g2 67. Bxg2 1-0

[Event "Troll Masters"]
[Site "Gausdal"]
[Date "1992.??.??"]
[Round "1"]
[White "Djurhuus, Rune"]
[Black "Hector, Jonny"]
[Result "1-0"]
[WhiteElo "2420"]
[BlackElo "2535"]
[PlyCount "113"]
[EventDate "1992.01.??"]
[Source "ChessBase"]

1. e4 e5 2. Nf3 Nc6 3. d4 exd4 4. Nxd4 Qf6 5. Be3 Bc5 6. c3 Nge7 7. Bc4 b6 8.
O-O Bb7 9. b4 Nxd4 10. cxd4 Bxb4 11. a3 Ba5 12. d5 O-O 13. Ra2 Rae8 14. Re2 Ng6
15. Bd4 Qh4 16. g3 Qh5 17. f4 d6 18. Nd2 Bc8 19. Qc2 Bh3 20. Rff2 Bxd2 21. Qxd2
f6 22. Re1 Re7 23. Bb2 Rfe8 24. Bb5 Bd7 25. Be2 Bg4 26. Bb5 Bd7 27. Be2 Bg4 28.
Bb5 Rd8 29. Re3 Nf8 30. h3 Bc8 31. g4 Qf7 32. Bc4 c6 33. e5 dxe5 34. dxc6 Rxd2
35. Bxf7+ Kxf7 36. Rxd2 exf4 37. Rxe7+ Kxe7 38. Bc3 Ne6 39. Bb4+ Ke8 40. Bd6 g5
41. Bb8 Nd8 42. Re2+ Kf7 43. Rc2 Ne6 44. Bxa7 Nd4 45. Rc4 Nf3+ 46. Kf2 Ne5 47.
Rc3 f5 48. gxf5 b5 49. Bb8 Nc4 50. a4 Nd2 51. Rc2 Ne4+ 52. Kf3 Bxf5 53. axb5
Nf6 54. Rc5 Be4+ 55. Kf2 g4 56. Bxf4 Nd5 57. c7 1-0

[Event "Troll Masters"]
[Site "Gausdal"]
[Date "1992.??.??"]
[Round "2"]
[White "Hector, Jonny"]
[Black "Khomeriki, Giorgi"]
[Result "1-0"]
[WhiteElo "2535"]
[BlackElo "2210"]
[PlyCount "81"]
[EventDate "1992.01.??"]
[Source "ChessBase"]

1. Nc3 e6 2. e4 d5 3. d4 Bb4 4. e5 c5 5. a3 Bxc3+ 6. bxc3 Qa5 7. Bd2 Qc7 8. Nf3
Bd7 9. a4 Nc6 10. Bb5 Nge7 11. O-O Na5 12. dxc5 Bxb5 13. axb5 Nc4 14. Bg5 Qxc5
15. Re1 Qxb5 16. Bxe7 Kxe7 17. Qd4 b6 18. Qh4+ Kd7 19. Qf4 Ke8 20. Qg4 Kf8 21.
Nd4 Qd7 22. f4 g6 23. Qh4 h5 24. Qf6 Rg8 25. Ra6 Nd2 26. f5 gxf5 27. Qh6+ Rg7
28. Qxd2 Kg8 29. Qh6 Qc7 30. Re3 Rg6 31. Qxh5 Kg7 32. Ra4 a5 33. Qe2 Rg8 34.
Qe1 f4 35. Re2 Kf8 36. Nf3 Rg4 37. Qd2 Qc5+ 38. Kh1 Qb5 39. Ra1 a4 40. Rf2 Qb2
41. Rxa4 1-0

[Event "Troll Masters"]
[Site "Gausdal"]
[Date "1992.??.??"]
[Round "4"]
[White "Hector, Jonny"]
[Black "Remlinger, Larry"]
[Result "1-0"]
[WhiteElo "2535"]
[BlackElo "2340"]
[PlyCount "51"]
[EventDate "1992.01.??"]
[Source "ChessBase"]

1. e4 e6 2. d4 d5 3. Nc3 Bb4 4. Qd3 dxe4 5. Qxe4 Nf6 6. Qh4 c5 7. dxc5 Nc6 8.
Bd3 Qa5 9. Bd2 Ne5 10. Nge2 Nxd3+ 11. cxd3 Qxc5 12. O-O Bxc3 13. Bxc3 Qf5 14.
Ng3 Qg6 15. Qb4 Nd5 16. Qb5+ Kf8 17. Ne4 h6 18. f4 Nxc3 19. bxc3 Kg8 20. Rf3
Qf5 21. Qe8+ Kh7 22. Qe7 f6 23. Nd6 Qc5+ 24. d4 Qc6 25. Rg3 Rg8 26. Ne8 1-0

[Event "Haninge"]
[Site "Haninge"]
[Date "1992.??.??"]
[Round "9"]
[White "Hector, Jonny"]
[Black "Kengis, Edvins"]
[Result "1-0"]
[WhiteElo "2535"]
[BlackElo "2575"]
[PlyCount "97"]
[EventDate "1992.05.??"]
[Source "ChessBase"]

1. e4 Nf6 2. Nc3 d5 3. e5 d4 4. exf6 dxc3 5. fxg7 cxd2+ 6. Bxd2 Bxg7 7. Qf3 Nc6
8. Bb5 Qd6 9. Bc3 O-O 10. Bxc6 Bxc3+ 11. Qxc3 bxc6 12. Ne2 Ba6 13. Rd1 Qe6 14.
Qe3 Qxe3 15. fxe3 Rfd8 16. Rxd8+ Rxd8 17. Rf1 e5 18. Rf5 Re8 19. Rg5+ Kf8 20.
Rh5 Kg7 21. Rh4 Rb8 22. b3 Bc8 23. Ra4 a6 24. Nc1 f6 25. Nd3 Rb5 26. Rc4 Rb6
27. Nc5 Kf7 28. Na4 Rb7 29. Rxc6 Ra7 30. Nc5 a5 31. Kd2 Ke7 32. Kc3 Bf5 33. g3
h5 34. e4 Bh3 35. Kd2 h4 36. gxh4 Ra8 37. Nd3 Rh8 38. Rxc7+ Kd6 39. Ra7 Rxh4
40. Ra6+ Ke7 41. Nf2 Bd7 42. Rxa5 Rxh2 43. Ke3 Rg2 44. c4 Rg3+ 45. Kd2 Rf3 46.
Ke2 Rc3 47. Nd3 Rc2+ 48. Ke3 Bg4 49. Nb4 1-0

[Event "Komotini op"]
[Site "Komotini"]
[Date "1992.??.??"]
[Round "?"]
[White "Hector, Jonny"]
[Black "Tseitlin, Mikhail S"]
[Result "1-0"]
[WhiteElo "2535"]
[BlackElo "2495"]
[PlyCount "189"]
[EventDate "1992.08.??"]
[Source "ChessBase"]

1. e4 c5 2. Nf3 d6 3. d4 cxd4 4. Nxd4 Nf6 5. Nc3 Nc6 6. Bc4 e6 7. Be3 Be7 8.
Bb3 O-O 9. Rg1 Qa5 10. f3 d5 11. exd5 Nxd5 12. Bxd5 exd5 13. Nb3 Qc7 14. Nxd5
Qxh2 15. Nxe7+ Nxe7 16. Qd2 Bf5 17. O-O-O Rfc8 18. c3 Bg6 19. g4 Qe5 20. Bc5
Qf6 21. f4 h6 22. f5 Nxf5 23. gxf5 Qxf5 24. Rxg6 fxg6 25. Bd4 Rf8 26. Nc5 b6
27. Nd3 Rae8 28. Qc2 Kh7 29. Qa4 Re7 30. Qb4 Re2 31. a4 Qg5+ 32. Kb1 Rf3 33.
Qc4 Qf5 34. a5 bxa5 35. Qc7 Qf7 36. Qxf7 Rxf7 37. Ka2 g5 38. Rg1 Rd2 39. Ne5
Rb7 40. Nc4 Re2 41. Ka3 a6 42. b3 Rb5 43. Ne3 Kg6 44. c4 Rb8 45. Nd5 Rc2 46.
Ne7+ Kh5 47. Bxg7 a4 48. Rh1+ Kg4 49. bxa4 Rxc4 50. Rxh6 Rd8 51. Nc6 Rd3+ 52.
Kb2 Kg3 53. a5 Rh4 54. Be5+ Kf3 55. Rg6 g4 56. Nb4 Re3 57. Bc7 Rh5 58. Rxa6 g3
59. Rg6 g2 60. Bb6 Re4 61. Kc3 Rb5 62. Nc2 Rd5 63. a6 Ra4 64. Ne1+ Ke2 65. Re6+
Kf1 66. Nc2 g1=Q 67. Re1+ Kg2 68. Rxg1+ Kh2 69. Ra1 Rxa1 70. Nxa1 Rd7 71. a7
Rxa7 72. Bxa7 Kg2 73. Kd3 Kf3 74. Be3 Kg3 75. Nb3 Kg2 76. Nd2 Kg3 77. Ke4 Kg2
78. Kf4 Kh2 79. Kf3 Kh1 80. Ne4 Kh2 81. Ng3 Kh3 82. Bg1 Kh4 83. Ne4 Kh3 84.
Ng5+ Kh4 85. Kf4 Kh5 86. Kf5 Kh4 87. Bf2+ Kh5 88. Ne6 Kh6 89. Bg3 Kh5 90. Ng7+
Kh6 91. Kf6 Kh7 92. Kf7 Kh6 93. Bf4+ Kh7 94. Nf5 Kh8 95. Bh6 1-0

[Event "Aalborg op"]
[Site "Aalborg"]
[Date "1993.??.??"]
[Round "1"]
[White "Hector, Jonny"]
[Black "Sobjerg, Erik"]
[Result "1-0"]
[WhiteElo "2500"]
[BlackElo "2270"]
[PlyCount "103"]
[EventDate "1993.??.??"]
[Source "ChessBase"]

1. Nc3 d5 2. e4 dxe4 3. Nxe4 Nf6 4. Nxf6+ exf6 5. d4 Be6 6. Ne2 Be7 7. Nf4 Bf5
8. c3 O-O 9. Be3 c6 10. Bc4 Qc7 11. Qh5 g6 12. Qf3 Re8 13. g4 Bc8 14. h4 Bd6
15. O-O-O Nd7 16. h5 g5 17. Nh3 h6 18. Rhe1 Nb6 19. Bb3 Nd5 20. Bxd5 cxd5 21.
Bd2 Be7 22. Qg2 b5 23. f4 b4 24. Re3 Bd7 25. Rde1 bxc3 26. Bxc3 Bb4 27. Qxd5
Bxc3 28. bxc3 Be6 29. Qc5 Qxc5 30. dxc5 Rec8 31. Nf2 Rxc5 32. Ne4 Ra5 33. f5
Bxa2 34. Nxf6+ Kg7 35. Ne8+ Kf8 36. Nd6 Rd5 37. Re8+ Rxe8 38. Rxe8+ Kg7 39. Ne4
Bc4 40. f6+ Kh7 41. Re7 Rd3 42. Kc2 Rd8 43. Nc5 Rd6 44. Nd7 Bd5 45. Nf8+ Kg8
46. Re8 Bc6 47. Rc8 Bb7 48. Rb8 Be4+ 49. Kc1 Rxf6 50. Nd7+ Kg7 51. Rg8+ Kh7 52.
Nxf6# 1-0

[Event "Aalborg op"]
[Site "Aalborg"]
[Date "1993.??.??"]
[Round "5"]
[White "Hector, Jonny"]
[Black "Ahlander, Bjorn"]
[Result "1-0"]
[WhiteElo "2470"]
[BlackElo "2415"]
[PlyCount "80"]
[EventDate "1993.??.??"]
[Source "ChessBase"]

1. e4 e5 2. Nf3 Nc6 3. d4 exd4 4. Bc4 Nf6 5. e5 d5 6. Bb5 Ne4 7. Nxd4 Bd7 8.
Bxc6 bxc6 9. O-O Be7 10. f3 Nc5 11. c4 O-O 12. Nc3 dxc4 13. f4 Nd3 14. Be3 Nxb2
15. Qh5 c5 16. Nde2 Nd3 17. Qf3 Rb8 18. Qe4 Rb6 19. Qxc4 Nb2 20. Qe4 Bc6 21.
Qc2 Qa8 22. Ng3 Rd8 23. Qe2 Rd3 24. Nd1 Qb7 25. Nf5 Bf8 26. Nf2 Rd8 27. Rfc1
Bxg2 28. Bxc5 Bf3 29. Qe3 Rg6+ 30. Ng3 Na4 31. Bxf8 Rxf8 32. f5 Rc6 33. Rxc6
Qxc6 34. Rc1 Qd5 35. Rxc7 Rb8 36. e6 fxe6 37. Qxe6+ Qxe6 38. fxe6 Re8 39. Rxa7
Nc5 40. Nf5 Nxe6 1-0

[Event "Aalborg op"]
[Site "Aalborg"]
[Date "1993.??.??"]
[Round "9"]
[White "Hector, Jonny"]
[Black "Borge, Nikolaj"]
[Result "1-0"]
[WhiteElo "2470"]
[BlackElo "2410"]
[PlyCount "91"]
[EventDate "1993.??.??"]
[Source "ChessBase"]

1. e4 c5 2. Nf3 d6 3. d4 cxd4 4. Nxd4 Nf6 5. Nc3 g6 6. Be3 Bg7 7. f3 Nc6 8. Bc4
O-O 9. Qe2 Bd7 10. O-O-O Rc8 11. Bb3 Qa5 12. Kb1 Ne5 13. f4 Bg4 14. Nf3 Rxc3
15. Bd2 Nxf3 16. Bxc3 Qh5 17. Qe3 Nh4 18. Rd2 Rc8 19. h3 Be6 20. Bxf6 Bxf6 21.
Bxe6 fxe6 22. e5 Nxg2 23. Rxg2 dxe5 24. fxe5 Qxe5 25. Qxe5 Bxe5 26. Re2 Rc5 27.
b4 Rb5 28. a3 Bf6 29. Rxe6 a5 30. Re4 Kf7 31. Rhe1 h5 32. R1e2 g5 33. a4 Rf5
34. bxa5 Rf3 35. R2e3 Rf1+ 36. Ka2 Kg6 37. Rb4 Kf5 38. c3 g4 39. hxg4+ hxg4 40.
Rxb7 Rf3 41. Rxf3+ gxf3 42. a6 f2 43. Rb1 Bxc3 44. a7 Be1 45. a8=Q f1=Q 46.
Qf8+ 1-0

[Event "Rilton Cup op 9394"]
[Site "Stockholm"]
[Date "1993.??.??"]
[Round "2"]
[White "Hector, Jonny"]
[Black "Furhoff, Johan"]
[Result "1-0"]
[WhiteElo "2500"]
[BlackElo "2285"]
[PlyCount "99"]
[EventDate "1993.??.??"]
[Source "ChessBase"]

1. e4 Nc6 2. Nc3 e6 3. d4 Bb4 4. Nge2 d5 5. a3 Bxc3+ 6. Nxc3 dxe4 7. Bb5 Nge7
8. Bg5 f6 9. Be3 O-O 10. Qd2 f5 11. O-O-O Nd5 12. Nxd5 exd5 13. Bxc6 bxc6 14.
Bg5 Qe8 15. Bf4 Rf7 16. h4 Be6 17. Qa5 Qb8 18. Rh3 Qb5 19. Qd2 c5 20. Rb3 Qc6
21. Qa5 c4 22. Rb5 a6 23. Rc5 Qb6 24. Qxb6 cxb6 25. Rc6 Bc8 26. Rxb6 Rd7 27.
Re1 Bb7 28. Re3 Rc8 29. Re6 Rc6 30. Re8+ Kf7 31. Re5 g6 32. h5 Re6 33. hxg6+
hxg6 34. Rh3 Rxe5 35. Bxe5 Bc6 36. Rh7+ Kg8 37. Rh8+ Kf7 38. Kd2 Bb5 39. Ke3 g5
40. g3 Kg6 41. Rg8+ Kh6 42. Bf6 f4+ 43. gxf4 gxf4+ 44. Kxf4 c3 45. b3 Bd3 46.
cxd3 exd3 47. Ke3 d2 48. Rg1 Rf7 49. Be5 Kh5 50. Kd3 1-0

[Event "Rilton Cup op 9394"]
[Site "Stockholm"]
[Date "1993.??.??"]
[Round "8"]
[White "Hector, Jonny"]
[Black "Cramling, Pia"]
[Result "1-0"]
[WhiteElo "2500"]
[BlackElo "2525"]
[PlyCount "71"]
[EventDate "1993.??.??"]
[Source "ChessBase"]

1. e4 c5 2. Nf3 e6 3. Be2 Nc6 4. O-O Nf6 5. e5 Ng4 6. d4 cxd4 7. Bf4 d6 8. exd6
Bxd6 9. Bxd6 Qxd6 10. Na3 e5 11. Nb5 Qd8 12. c3 a6 13. Na3 dxc3 14. Qxd8+ Kxd8
15. bxc3 f6 16. Nc4 Kc7 17. h3 Nh6 18. Rfb1 Be6 19. Nfd2 Nf5 20. Nb6 Rab8 21.
Ne4 Nfe7 22. Nc5 Bf5 23. Rb2 Na5 24. g4 Bc8 25. Rab1 Kc6 26. Bf3+ Kc7 27. Nxc8
Kxc8 28. Nxa6 Ra8 29. Nc5 Kc7 30. Rd2 Nec6 31. Rd7+ Kc8 32. Rxg7 Ra7 33. Rb6
Nd8 34. Be4 Nc4 35. Rxf6 Rxa2 36. Bxb7+ 1-0

[Event "Jyvaskyla op"]
[Site "Jyvaskyla"]
[Date "1993.??.??"]
[Round "4"]
[White "Hector, Jonny"]
[Black "Holmsten, Aleksei"]
[Result "1-0"]
[WhiteElo "2500"]
[BlackElo "2285"]
[PlyCount "67"]
[EventDate "1993.07.??"]
[Source "ChessBase"]

1. Nc3 d5 2. e4 d4 3. Nce2 e5 4. Ng3 Be6 5. Nf3 Nd7 6. Be2 f6 7. Nh4 g6 8. O-O
Bh6 9. c3 c5 10. cxd4 cxd4 11. d3 Rc8 12. Bg4 Qb6 13. Bxe6 Qxe6 14. Qa4 a6 15.
f4 Qg4 16. fxe5 fxe5 17. Nf3 Qe6 18. Bg5 Bg7 19. Rac1 Rc6 20. Qb4 Ngf6 21. b3
b5 22. Rxc6 Qxc6 23. Rc1 Qb6 24. Bd2 Bf8 25. Qa5 Qxa5 26. Bxa5 Kf7 27. Rc8 h6
28. Bc7 Ke6 29. Ra8 Bg7 30. Rxa6+ Ke7 31. Bd6+ Kf7 32. Bxe5 Rc8 33. Bxd4 Rc1+
34. Nf1 1-0

[Event "Jyvaskyla op"]
[Site "Jyvaskyla"]
[Date "1993.??.??"]
[Round "8"]
[White "Hector, Jonny"]
[Black "Vooremaa, Andres"]
[Result "1-0"]
[WhiteElo "2500"]
[BlackElo "2320"]
[PlyCount "81"]
[EventDate "1993.07.??"]
[Source "ChessBase"]

1. e4 e6 2. d4 d5 3. Nc3 Nf6 4. Bg5 Bb4 5. Nge2 dxe4 6. a3 Be7 7. g3 Nbd7 8.
Bg2 O-O 9. O-O c6 10. Qe1 b6 11. Rd1 Ba6 12. Bc1 Qc7 13. Nxe4 Nxe4 14. Bxe4 e5
15. dxe5 Nxe5 16. b3 Rad8 17. c4 b5 18. c5 f5 19. Bg2 Bxc5 20. b4 Bd6 21. Nd4
Rde8 22. Qc3 Kh8 23. Nxc6 Bb7 24. Bf4 Bxc6 25. Bxc6 Nf7 26. Qc5 Bxc5 27. Bxc7
Rc8 28. Rd7 Bb6 29. Bxb6 axb6 30. Bxb5 Rc3 31. Rfd1 Ne5 32. Rd8 Kg8 33. a4 g5
34. Rxf8+ Kxf8 35. Rd5 Nf3+ 36. Kg2 g4 37. Rxf5+ Ke7 38. Be2 Ne1+ 39. Kf1 Rc1
40. Bxg4 Nf3+ 41. Kg2 1-0

[Event "Berliner Sommer"]
[Site "Berlin"]
[Date "1993.??.??"]
[Round "?"]
[White "Hector, Jonny"]
[Black "Van der Werf, Mark"]
[Result "1-0"]
[WhiteElo "2500"]
[BlackElo "2405"]
[PlyCount "73"]
[EventDate "1993.08.??"]
[Source "ChessBase"]

1. e4 Nf6 2. Nc3 d5 3. e5 Ne4 4. Nce2 f6 5. d3 Ng5 6. Bxg5 fxg5 7. h4 g4 8. Nf4
Bf5 9. Nge2 Nc6 10. Ng3 Qd7 11. d4 Nb4 12. e6 Qd6 13. Nxf5 Qxf4 14. Ne3 g3 15.
Qf3 Qxf3 16. gxf3 gxf2+ 17. Kxf2 O-O-O 18. c3 Na6 19. h5 c6 20. Bxa6 bxa6 21.
f4 Rg8 22. f5 g6 23. hxg6 hxg6 24. Rag1 Bg7 25. Rxg6 Bf6 26. Rhh6 Rxg6 27. Rxg6
c5 28. Ng4 Bh8 29. f6 Bxf6 30. Nxf6 exf6 31. dxc5 Re8 32. Rxf6 Kd8 33. Ke3 Ke7
34. Rf7+ Kxe6 35. Rxa7 Ke5 36. Rxa6 Rb8 37. Rb6 1-0

[Event "Farum op"]
[Site "Farum"]
[Date "1993.??.??"]
[Round "2"]
[White "Hector, Jonny"]
[Black "Hald, Jens Erik Kofoed"]
[Result "1-0"]
[WhiteElo "2500"]
[BlackElo "2230"]
[PlyCount "45"]
[EventDate "1993.10.??"]
[Source "ChessBase"]

1. e4 d5 2. exd5 Nf6 3. d4 Nxd5 4. Nf3 g6 5. c4 Nb6 6. Nc3 Bg7 7. h3 O-O 8. Be3
Nc6 9. Qd2 e5 10. d5 Na5 11. b3 f5 12. Bg5 Bf6 13. Bxf6 Qxf6 14. c5 e4 15. Nd4
f4 16. cxb6 e3 17. fxe3 fxe3 18. Qxe3 c5 19. dxc6 Nxc6 20. Bc4+ Kg7 21. Nxc6
bxc6 22. O-O-O axb6 23. Rhf1 1-0

[Event "Farum op"]
[Site "Farum"]
[Date "1993.??.??"]
[Round "8"]
[White "Hector, Jonny"]
[Black "Sorensen, Henrik"]
[Result "1-0"]
[WhiteElo "2500"]
[BlackElo "2220"]
[PlyCount "39"]
[EventDate "1993.10.??"]
[Source "ChessBase"]

1. e4 c6 2. Nc3 d5 3. d4 dxe4 4. Nxe4 Nd7 5. Ng5 Ndf6 6. Bc4 e6 7. N1f3 Bd6 8.
Qe2 h6 9. Nh3 b5 10. Bd3 Ne7 11. Ne5 O-O 12. g4 Qb6 13. g5 hxg5 14. Bxg5 Ned5
15. c3 Re8 16. Rg1 Kf8 17. Nf4 Nxf4 18. Bxf4 Qc7 19. Qf3 Bb7 20. Rxg7 1-0

[Event "Wichern op"]
[Site "Hamburg"]
[Date "1993.??.??"]
[Round "8"]
[White "Hector, Jonny"]
[Black "Slobodjan, Roman"]
[Result "1-0"]
[WhiteElo "2500"]
[BlackElo "2435"]
[PlyCount "141"]
[EventDate "1993.10.??"]
[Source "ChessBase"]

1. e4 e5 2. Nf3 Nc6 3. d4 exd4 4. Bc4 Nf6 5. e5 d5 6. Bb5 Ne4 7. Nxd4 Bd7 8.
Bxc6 bxc6 9. O-O Bc5 10. f3 Ng5 11. Be3 Bb6 12. a4 c5 13. a5 Nh3+ 14. gxh3 cxd4
15. Bxd4 Bxd4+ 16. Qxd4 Bxh3 17. Re1 Qg5+ 18. Kf2 Qg2+ 19. Ke3 O-O 20. Nd2 Rfe8
21. Re2 Qg6 22. Kf2 c5 23. Qxd5 Rad8 24. Qe4 Qg2+ 25. Ke3 Qg5+ 26. f4 Qh6 27.
Nf3 f6 28. Rd2 Rxd2 29. Kxd2 Bg4 30. Re1 Bxf3 31. Qxf3 fxe5 32. Kc1 Kh8 33.
Rxe5 Rf8 34. Rf5 Re8 35. Re5 Rf8 36. Rxc5 Qxh2 37. b4 h6 38. f5 Rb8 39. Qg4 Qf2
40. Rc4 Qe3+ 41. Kb1 Qe7 42. Qd4 Rf8 43. Rc5 Kh7 44. Qc3 Qg5 45. b5 Rf6 46. Qb4
Rd6 47. Ka2 Qd8 48. Qc3 Rd4 49. Kb2 Qf6 50. Kb3 Qd6 51. Rc4 Rd1 52. Kb2 Rd5 53.
Rb4 Rc5 54. Qd3 Qe5+ 55. Kb3 Rd5 56. Qf1 Rc5 57. Qd3 Rd5 58. Qf1 Rc5 59. c4
Qe3+ 60. Ka4 Qe4 61. Qb1 Qf3 62. f6+ g6 63. Qg1 Qe2 64. Ka3 Qd3+ 65. Rb3 Qxc4
66. f7 Rf5 67. f8=Q Rxf8 68. Qxa7+ Rf7 69. Qe3 Qd5 70. a6 Qd6+ 71. Rb4 1-0